Metodické otázky získávání pracovníků. 2

Metodické otázky získavania pracovníkov. Spolupráca s úradmi práce pri získavaní pracovníkov. Služby komerčných agentúr. Využitie informačných systémov pri získavaní špičkových pracovníkov. Najrozšírenejšou metódou získavania pracovníkov je inzercia. Dokumenty požadované od pracovníkov, ktorí sa uch...

Ausführliche Beschreibung

Gespeichert in:
Bibliographische Detailangaben
1. Verfasser: Koubek, Josef
Format: Buchkapitel
Sprache:Tschechisch
Schlagworte:
Tags: Tag hinzufügen
Keine Tags, Fügen Sie das erste Tag hinzu!

MARC

LEADER 00000naa a2200000 4500
001 r024924
005 20221208131347.5
041 0 |a cze 
044 |a CZ 
245 1 0 |a Metodické otázky získávání pracovníků. 2  |c Josef Koubek 
520 |a Metodické otázky získavania pracovníkov. Spolupráca s úradmi práce pri získavaní pracovníkov. Služby komerčných agentúr. Využitie informačných systémov pri získavaní špičkových pracovníkov. Najrozšírenejšou metódou získavania pracovníkov je inzercia. Dokumenty požadované od pracovníkov, ktorí sa uchádzajú o miesto. Predvýber a zoznam vhodných uchádzačov. 
610 2 0 |a personalistika 
610 2 0 |a výber pracovníkov 
610 2 0 |a úrady práce 
610 2 0 |a agentúry 
610 2 0 |a systémy informačné 
610 2 0 |a inzercia 
610 2 0 |a miesta voľné 
100 1 |a Koubek, Josef